Pays ayant un représentant dans le top 40 UEFA - Mort Subite - Statistiques

Statistiques générales
  • Ce quiz a été pris 258 fois
  • Le résultat moyen est 8 sur 11
Answers on the Grid
Answers color-coded by a green-red scale on the quiz's grid according to % correct below.
Allemagne
Angleterre
Belgique
Danemark
Ecosse
Espagne
France
Grèce
Italie
Norvège
Pays-Bas
Pologne
Portugal
République Tchèque
Serbie
Suède
Suisse
Turquie
 
Statistiques - réponses
Réponse % Correct
Paris SG (6), LOSC Lille (26) France
92%
Bayern Munich (2), Bayer 04 Leverkusen (7), Borussia Dortmund (8), Eintracht Francfort (16), RB Leipzig (22) Allemagne
88%
Manchester City (4), FC Liverpool (5), Manchester United (13), Chelsea FC (14), Arsenal FC (15), West Ham United (17), Tottenham Hotspur (31), Aston Villa (38) Angleterre
88%
Real Madrid (1), FC Barcelone(9), Atlético Madrid (12), Real Sociedad (27), Real Betis(33), Villarreal CF (34) Espagne
88%
Inter Milan (3), AS Roma (10), AC Milan (19), Atalanta BC (20), ACF Fiorentina (21), Lazio Rome (25), Juventus Turin (32), SSC Napoli (35) Italie
86%
SL Benfica (11), FC Porto (28), Sporting CP (29) Portugal
84%
Feyenoord Rotterdam (18), PSV Eindhoven (24), AZ Alkmaar (36), Ajax Amsterdam (37) Pays-Bas
83%
Club Brugge KV (23) Belgique
62%
Fenerbahce (39) Turquie
58%
Glasgow Rangers (30) Ecosse
34%
FK Bodø/Glimt (40) Norvège
6%
Aucun quiz correspondant
Distribution des résultats
% des personnes avec chaque résultat
Percentile par nombre de réponses
Votre historique - résultats
Vous n’avez pas pris ce quiz